[Event "?"]
[Site "?"]
[Date "2004.03.27"]
[Round "7.12"]
[White "Zimina, O."]
[Black "Zaiatz, E."]
[Result "1-0"]
[WhiteElo "2408"]
[BlackElo "2333"]
[PlyCount "117"]
[EventDate "2004.??.??"]

1. e4 e5 2. Nf3 Nc6 3. Bc4 Bc5 4. d3 Nf6 5. Nc3 d6 6. Bg5 Na5 7. Bb3 Nxb3 8.
axb3 Be6 9. Na4 h6 10. Nxc5 dxc5 11. Bh4 Bg4 12. h3 Bxf3 13. Qxf3 g5 14. Bg3
Qe7 15. h4 Rg8 16. Qf5 Nd7 17. Qh7 Qf8 18. Qf5 Qe7 19. hxg5 hxg5 20. Rh7 a5 21.
Ke2 Ra6 22. Rah1 Re6 23. f3 Nf8 24. Rh8 Rxh8 25. Rxh8 Kd7 26. Rh5 f6 27. Be1 b6
28. Bc3 Kc6 29. Rh8 Kd6 30. Rg8 Kd7 31. g3 Kd6 32. Kd1 Nd7 33. Qg6 Kc6 34. Rg7
Qe8 35. Qh7 Kd6 36. f4 gxf4 37. gxf4 exf4 38. Rg8 Re7 39. Qh8 Qf7 40. Rg4 Qh7
41. Bxf6 Qxh8 42. Bxh8 Rh7 43. Rg6+ Ke7 44. Rg7+ Rxg7 45. Bxg7 Kf7 46. Bh6 f3
47. Bf4 c6 48. Kd2 Nf8 49. Ke3 Ne6 50. Be5 b5 51. Kxf3 Ke7 52. Ke3 Kd7 53. Bc3
a4 54. bxa4 bxa4 55. Be5 Nd8 56. Kd2 Nb7 57. Kc3 Na5 58. Bf4 Kc8 59. Be3 1-0

[Event "?"]
[Site "?"]
[Date "2004.03.27"]
[Round "7.14"]
[White "Bojkovic, N."]
[Black "Zakurdjaeva, I."]
[Result "1-0"]
[WhiteElo "2391"]
[BlackElo "2244"]
[PlyCount "61"]
[EventDate "2004.??.??"]

1. e4 c5 2. Nf3 d6 3. d4 cxd4 4. Nxd4 Nf6 5. Nc3 a6 6. Be2 g6 7. O-O Bg7 8. Re1
O-O 9. Nb3 Nc6 10. Bg5 b5 11. Bf1 Bb7 12. Qd2 Re8 13. a4 b4 14. Nd5 Nxd5 15.
exd5 Ne5 16. Rad1 Qc7 17. Qxb4 Rab8 18. Qd2 Rbc8 19. Na5 Ba8 20. Bxa6 Rb8 21.
Bb5 Rec8 22. c4 e6 23. b4 Rxb5 24. cxb5 Bxd5 25. Rc1 Qb8 26. Rxc8+ Qxc8 27. Rc1
Qa8 28. Qc2 Bxg2 29. Qc8+ Bf8 30. Qxa8 Bxa8 31. Rc8 1-0

[Event "?"]
[Site "?"]
[Date "2004.03.27"]
[Round "7.16"]
[White "Muzychuk, A."]
[Black "Khurtsidze, N."]
[Result "1/2-1/2"]
[WhiteElo "2367"]
[BlackElo "2411"]
[PlyCount "132"]
[EventDate "2004.??.??"]

1. e4 c5 2. Nf3 e6 3. Be2 Nc6 4. O-O Nf6 5. e5 Ng4 6. b4 Ngxe5 7. Nxe5 Nxe5 8.
bxc5 d5 9. cxd6 Bxd6 10. d4 Nc6 11. Be3 O-O 12. Nd2 b6 13. Ne4 Bb7 14. Nxd6
Qxd6 15. c3 Rac8 16. Rc1 Rfd8 17. Bd3 Ne7 18. Qh5 h6 19. Qg4 Kf8 20. Rfd1 Nd5
21. Bd2 Nf6 22. Qh4 Qe7 23. c4 e5 24. dxe5 Qxe5 25. Bf4 Qh5 26. Qxh5 Nxh5 27.
Be3 Nf6 28. f3 Ba6 29. a4 Bxc4 30. Bxc4 Rxd1+ 31. Rxd1 Rxc4 32. Rd8+ Ke7 33.
Ra8 Rxa4 34. Bxb6 a6 35. Bc5+ Ke6 36. Bf8 Ra1+ 37. Kf2 Ra2+ 38. Kg1 g5 39. Bxh6
Kf5 40. Rc8 Kg6 41. Rc6 Kxh6 42. Rxf6+ Kg7 43. Rb6 f6 44. h3 Kg6 45. Kh2 Kf5
46. Kg3 Ra4 47. Rc6 Ke5 48. Rc5+ Kd6 49. Rf5 Ke6 50. Rc5 a5 51. Rb5 Kd6 52. Rf5
Ke6 53. Rb5 Kf7 54. Rc5 Kg6 55. Rb5 f5 56. Rc5 Ra2 57. h4 a4 58. Ra5 Ra3 59.
h5+ Kxh5 60. Rxf5 Re3 61. Ra5 a3 62. Ra6 Rb3 63. Kh2 g4 64. Ra5+ Kg6 65. Kg3
gxf3 66. gxf3 Kf6 1/2-1/2

[Event "?"]
[Site "?"]
[Date "2004.03.27"]
[Round "7.17"]
[White "Ovod, E."]
[Black "Foisor, C."]
[Result "0-1"]
[WhiteElo "2357"]
[BlackElo "2404"]
[PlyCount "156"]
[EventDate "2004.??.??"]

1. d4 d5 2. c4 c6 3. Nf3 Nf6 4. Nc3 a6 5. cxd5 cxd5 6. Ne5 e6 7. Bf4 Be7 8. e3
b5 9. Bd3 Bb7 10. O-O Nbd7 11. a4 b4 12. Nb1 O-O 13. Nd2 a5 14. Nb3 Nxe5 15.
dxe5 Ne8 16. Nd4 Qb6 17. Qg4 Ba6 18. Bxa6 Qxa6 19. Rfc1 Rc8 20. Qe2 Qxe2 21.
Nxe2 Rxc1+ 22. Rxc1 g5 23. Bg3 Ng7 24. Nd4 Ra8 25. Kf1 Kf8 26. Ke2 Ke8 27. Nb5
Kd8 28. f3 Rc8 29. Rxc8+ Kxc8 30. Bf2 Ne8 31. Nd4 Kb7 32. Nb3 Bd8 33. e4 Kc6
34. Nd4+ Kd7 35. exd5 exd5 36. g3 Ng7 37. f4 gxf4 38. gxf4 Ne6 39. f5 Nc5 40.
b3 Ne4 41. Be3 Bc7 42. Bf4 Ke8 43. Kf3 Bb6 44. Nb5 Kd7 45. Be3 Bd8 46. Nd4 Nc5
47. Kg4 Nd3 48. e6+ Ke8 49. exf7+ Kxf7 50. Ne6 Bf6 51. Bb6 Ne5+ 52. Kf4 Nc6 53.
Ke3 Be5 54. Nd8+ Nxd8 55. Bxd8 Bxh2 56. Bxa5 Kf6 57. Kd4 Kxf5 58. Kxd5 h5 59.
Bxb4 h4 60. Bc5 h3 61. b4 Kg4 62. a5 Bb8 63. Bg1 Kg3 64. a6 Kg2 65. Bh2 Kxh2
66. Kc6 Ba7 67. Kb7 Be3 68. b5 Kg3 69. b6 Bxb6 70. Kxb6 h2 71. Ka7 h1=Q 72. Kb8
Qh8+ 73. Kb7 Qg7+ 74. Kb8 Qf8+ 75. Kb7 Qe7+ 76. Kb8 Qe8+ 77. Kb7 Qe4+ 78. Ka7
Kf4 0-1

[Event "?"]
[Site "?"]
[Date "2004.03.27"]
[Round "7.19"]
[White "Paehtz, E."]
[Black "Dragomirescu, A."]
[Result "1-0"]
[WhiteElo "2399"]
[BlackElo "2288"]
[PlyCount "55"]
[EventDate "2004.??.??"]

1. e4 d6 2. d4 Nf6 3. Nc3 g6 4. f4 Bg7 5. Nf3 O-O 6. Be3 b6 7. Qd2 Bb7 8. e5
Ng4 9. O-O-O Qc8 10. h3 Nxe3 11. Qxe3 c5 12. d5 Ba6 13. g4 Bxf1 14. Rhxf1 Na6
15. Rg1 Rb8 16. h4 b5 17. h5 c4 18. hxg6 fxg6 19. Ne4 Nc5 20. Nd4 Nxe4 21. Qxe4
dxe5 22. fxe5 Rb6 23. Rh1 Rf2 24. Nc6 Qf8 25. d6 exd6 26. exd6 Bf6 27. Ne7+ Kg7
28. Rxh7+ 1-0

[Event "?"]
[Site "?"]
[Date "2004.03.27"]
[Round "7.20"]
[White "Ciuksyte, D."]
[Black "Sharevich, A."]
[Result "1/2-1/2"]
[WhiteElo "2392"]
[BlackElo "2236"]
[PlyCount "60"]
[EventDate "2004.??.??"]

1. e4 c5 2. Nf3 e6 3. d4 cxd4 4. Nxd4 a6 5. Bd3 Qb6 6. Nb3 Qc7 7. O-O Nf6 8.
Qe2 d6 9. c4 Nc6 10. Nc3 Ne5 11. Bf4 Be7 12. Rac1 Nfd7 13. Rfd1 b6 14. Qe3 O-O
15. Be2 Bb7 16. Bg5 Bxg5 17. Qxg5 Nf6 18. Qe3 Rfd8 19. f3 Rac8 20. Kh1 Ned7 21.
Nd4 Qb8 22. f4 Qa8 23. Nf3 Nc5 24. b4 Ng4 25. Qg1 Nxe4 26. Nxe4 Bxe4 27. Ng5
Nf6 28. Nxe4 Qxe4 29. Bf3 Qxf4 30. Qxb6 e5 1/2-1/2

[Event "?"]
[Site "?"]
[Date "2004.03.27"]
[Round "7.21"]
[White "Olarasu, G."]
[Black "Dworakowska, J."]
[Result "1/2-1/2"]
[WhiteElo "2311"]
[BlackElo "2370"]
[PlyCount "117"]
[EventDate "2004.??.??"]

1. d4 Nf6 2. c4 g6 3. Nf3 Bg7 4. g3 O-O 5. Bg2 d6 6. O-O Nc6 7. Nc3 Rb8 8. d5
Na5 9. b3 c5 10. dxc6 bxc6 11. Be3 c5 12. h3 Bb7 13. Rc1 Ne4 14. Nxe4 Bxe4 15.
Qd2 Re8 16. Rfd1 Nc6 17. Bxc5 dxc5 18. Qe3 Qa5 19. Qxe4 Nb4 20. Ne5 Qxa2 21.
Nc6 Nxc6 22. Qxc6 Rec8 23. Qd7 Qxe2 24. Re1 Qb2 25. Rb1 Qa2 26. Qxe7 Bd4 27.
Qe2 Qxe2 28. Rxe2 Rb6 29. Re7 Rf6 30. Rxa7 Rxf2 31. Kh1 Kg7 32. Rf1 Rxf1+ 33.
Bxf1 Rb8 34. Bg2 Rxb3 35. Bd5 Rxg3 36. Rxf7+ Kh6 37. Rf3 Rg1+ 38. Kh2 Rc1 39.
Rf7 Rc2+ 40. Kg3 Be5+ 41. Kf3 Rc3+ 42. Ke4 Bd4 43. Be6 Re3+ 44. Kd5 Re5+ 45.
Kd6 Rh5 46. Bg4 Rh4 47. Kd5 Kg5 48. Bd7 Bg1 49. Rf1 Rd4+ 50. Kc6 Bh2 51. Rf7
Rxc4 52. Rxh7 Bg1 53. Be6 Rf4 54. Rc7 Rf3 55. Kb5 Rf6 56. Bd5 Kf4 57. Rf7 Rxf7
58. Bxf7 g5 59. Kc4 1/2-1/2

[Event "?"]
[Site "?"]
[Date "2004.03.27"]
[Round "7.23"]
[White "Mamedjarova, Z."]
[Black "Partac, E."]
[Result "1-0"]
[WhiteElo "2341"]
[BlackElo "2230"]
[PlyCount "73"]
[EventDate "2004.??.??"]

1. d4 Nf6 2. c4 e6 3. Nc3 Bb4 4. Qc2 c5 5. Nf3 cxd4 6. Nxd4 Nc6 7. Nb3 a5 8.
Bd2 d5 9. cxd5 exd5 10. e3 O-O 11. Be2 a4 12. Nd4 Nxd4 13. exd4 Re8 14. O-O Qc7
15. Qd3 Bd6 16. h3 Qd8 17. Rfe1 Be6 18. a3 Bb8 19. Bf1 Qd6 20. g3 Qb6 21. Bg5
Ne4 22. Nxe4 dxe4 23. Qxe4 Ba7 24. Bd3 f5 25. Qf3 Qxd4 26. Rad1 Qb6 27. Be3 Qb3
28. Bxa7 Rxa7 29. Re3 Bf7 30. Rxe8+ Bxe8 31. Rc1 b5 32. Qxf5 g6 33. Qe4 Qf7 34.
Re1 Kf8 35. Qd4 Rd7 36. Qh8+ Qg8 37. Rxe8+ 1-0

[Event "?"]
[Site "?"]
[Date "2004.03.27"]
[Round "7.24"]
[White "Andersson, C."]
[Black "Shaidullina, S."]
[Result "0-1"]
[WhiteElo "2196"]
[BlackElo "2316"]
[PlyCount "142"]
[EventDate "2004.??.??"]

1. e4 c5 2. c3 d5 3. exd5 Qxd5 4. d4 g6 5. dxc5 Qxc5 6. Be3 Qc7 7. Nf3 Bg7 8.
Be2 Nf6 9. Na3 a6 10. Nc4 Nbd7 11. a4 O-O 12. O-O Ng4 13. Bg5 Nc5 14. h3 Nh6
15. Ne3 e6 16. Qc2 b6 17. b4 Nd7 18. Qe4 Bb7 19. Qh4 Nf5 20. Nxf5 exf5 21. Be7
Rfe8 22. Rad1 Nf8 23. Bd6 Qxc3 24. Bxf8 Rxf8 25. Ng5 h6 26. Nxf7 Rxf7 27. Bc4
g5 28. Bxf7+ Kxf7 29. Qh5+ Kg8 30. Rd7 Bc6 31. Qf7+ Kh8 32. Rd6 Bxa4 33. Rxb6
Rf8 34. Qe7 f4 35. Qb7 Bb5 36. Rd1 f3 37. Qe4 fxg2 38. Kxg2 Qc4 39. Qxc4 Bxc4
40. Rdd6 Be2 41. Rd7 Bf3+ 42. Kg1 Rc8 43. Re7 Rc6 44. Rb8+ Kh7 45. Rf8 Bd5 46.
Rd8 Be6 47. h4 gxh4 48. Rde8 Bd5 49. f4 Rf6 50. Rd8 Bf7 51. Ra8 Kg6 52. Raa7
Bf8 53. Rxf7 Rxf7 54. Rxa6+ Kf5 55. b5 Rb7 56. b6 Bc5+ 57. Kh2 Kg4 58. Ra4 Bd6
59. Kg2 h3+ 60. Kh1 Rxb6 61. Ra1 Bxf4 62. Rd1 Rb2 63. Ra1 Rf2 64. Kg1 Re2 65.
Kh1 Kg3 66. Rg1+ Rg2 67. Re1 Rh2+ 68. Kg1 h5 69. Re4 Rc2 70. Re1 Bd2 71. Rf1
Be3+ 0-1

[Event "?"]
[Site "?"]
[Date "2004.03.27"]
[Round "7.25"]
[White "Hamelink, D."]
[Black "Lagvilava, G."]
[Result "1/2-1/2"]
[WhiteElo "2185"]
[BlackElo "2302"]
[PlyCount "75"]
[EventDate "2004.??.??"]

1. e4 c5 2. Nf3 Nc6 3. d4 cxd4 4. Nxd4 e5 5. Nb5 d6 6. N1c3 a6 7. Na3 b5 8. Nd5
Nge7 9. c4 Nd4 10. Nc2 Nxd5 11. cxd5 Bg4 12. Qd2 Nxc2+ 13. Qxc2 Be7 14. h3 Bd7
15. Bd3 Rc8 16. Qe2 O-O 17. O-O Bg5 18. f4 exf4 19. Bxf4 Bxf4 20. Rxf4 Qg5 21.
Raf1 f6 22. Kh1 Rc5 23. Qd2 Rfc8 24. R4f2 Qg3 25. Rf3 Qe5 26. Qf4 Qxf4 27. Rxf4
a5 28. Rd1 b4 29. b3 Rc3 30. Rf2 Rc1 31. Rxc1 Rxc1+ 32. Kh2 Kf7 33. Rc2 Rxc2
34. Bxc2 Bb5 35. Kg3 Ke7 36. Kf3 h5 37. h4 Ba6 38. Ke3 1/2-1/2

[Event "?"]
[Site "?"]
[Date "2004.03.27"]
[Round "7.26"]
[White "Calotescu, A."]
[Black "Aginian, N."]
[Result "1-0"]
[WhiteElo "2290"]
[BlackElo "2189"]
[PlyCount "131"]
[EventDate "2004.??.??"]

1. Nf3 Nf6 2. c4 c5 3. Nc3 d5 4. cxd5 Nxd5 5. e3 Nxc3 6. bxc3 g6 7. Bb5+ Bd7 8.
a4 Bg7 9. O-O O-O 10. Ba3 Qc7 11. d4 b6 12. Qe2 a6 13. Bd3 Bc6 14. a5 Nd7 15.
axb6 Qxb6 16. Rfb1 Qa7 17. e4 e6 18. e5 Rfc8 19. Be4 cxd4 20. cxd4 a5 21. h4
Rab8 22. Rxb8 Qxb8 23. Rb1 Qa8 24. Ng5 Bxe4 25. Qxe4 h6 26. Qxa8 Rxa8 27. Ne4
Ra7 28. f4 Bf8 29. Nc5 Nxc5 30. dxc5 Rc7 31. Rb5 a4 32. Kf2 Be7 33. g3 g5 34.
fxg5 hxg5 35. h5 g4 36. Ke3 Bg5+ 37. Ke4 Kh7 38. Ra5 Kh6 39. Rxa4 Kxh5 40. Rc4
Be7 41. Bb4 Bf8 42. Kd3 Kg5 43. Ke4 Kh5 44. Ke3 Kg5 45. Kd3 Kf5 46. Rf4+ Kxe5
47. Kc4 Bxc5 48. Bxc5 f5 49. Rf1 Ke4 50. Re1+ Kf3 51. Re3+ Kf2 52. Rc3+ Kg2 53.
Kd4 Rb7 54. Bd6 Rb1 55. Bf4 Rf1 56. Re3 Rd1+ 57. Ke5 Rd8 58. Kf6 Rf8+ 59. Ke7
Ra8 60. Rxe6 Ra3 61. Kf6 Kf3 62. Kxf5 Ra5+ 63. Re5 Ra3 64. Kg5 Rc3 65. Kh4 Ra3
66. Re3+ 1-0

[Event "?"]
[Site "?"]
[Date "2004.03.27"]
[Round "7.27"]
[White "Czaeczine, A."]
[Black "Malysheva, P."]
[Result "0-1"]
[WhiteElo "2153"]
[BlackElo "2281"]
[PlyCount "66"]
[EventDate "2004.??.??"]

1. e4 e5 2. Nf3 Nc6 3. Bb5 Nd4 4. Nxd4 exd4 5. d3 Bc5 6. O-O c6 7. Ba4 d6 8. f4
f5 9. Nd2 Nf6 10. Bb3 Ng4 11. Qe2 Ne3 12. Re1 fxe4 13. Nxe4 Bb6 14. c3 Bg4 15.
Qf2 Kd7 16. Qg3 h5 17. Bxe3 dxe3 18. d4 d5 19. h3 Re8 20. hxg4 Rxe4 21. Rxe3
Rxe3 22. Qxe3 hxg4 23. Qg3 Qf6 24. Re1 Rh8 25. Bd1 Rh4 26. Bxg4+ Kd8 27. Qe3
Bxd4 28. cxd4 Rxg4 29. g3 g5 30. Qf3 Qxf4 31. Kg2 Qxf3+ 32. Kxf3 Rxd4 33. Re2
g4+ 0-1

[Event "?"]
[Site "?"]
[Date "2004.03.27"]
[Round "7.28"]
[White "Chasovnikova, E."]
[Black "Lauterbach, I."]
[Result "1-0"]
[WhiteElo "2277"]
[BlackElo "2171"]
[PlyCount "55"]
[EventDate "2004.??.??"]

1. d4 d6 2. Nf3 Nf6 3. c4 Nbd7 4. Nc3 c6 5. e4 e5 6. Be2 Be7 7. O-O O-O 8. Re1
a6 9. h3 b5 10. a3 Bb7 11. Be3 Re8 12. Qc2 exd4 13. Nxd4 bxc4 14. Bxc4 d5 15.
exd5 cxd5 16. Ba2 Rc8 17. Rad1 Qc7 18. Qb1 Ba8 19. Rc1 Qb7 20. b4 Nb6 21. Qd3
Nc4 22. Bg5 h6 23. Bh4 Ne4 24. Bxe7 Nxc3 25. Qxc3 Rxe7 26. Nf5 Rxe1+ 27. Rxe1
Nd6 28. Qxg7# 1-0

[Event "?"]
[Site "?"]
[Date "2004.03.27"]
[Round "7.29"]
[White "Makropoulou, M."]
[Black "Vasiliev, O."]
[Result "1-0"]
[WhiteElo "2266"]
[BlackElo "2156"]
[PlyCount "73"]
[EventDate "2004.??.??"]

1. e4 c5 2. Nf3 Nc6 3. Bb5 g6 4. c3 Bg7 5. d4 Qb6 6. Ba4 cxd4 7. O-O dxc3 8.
Nxc3 Nf6 9. e5 Ng4 10. Nd5 Qa5 11. Rb1 Ngxe5 12. Nxe5 Nxe5 13. b4 Qd8 14. f4
Nc6 15. b5 Nd4 16. Ba3 d6 17. Nc7+ Kf8 18. Nxa8 Be6 19. Bb2 Nf5 20. g4 Nh6 21.
Bxg7+ Kxg7 22. Qd4+ f6 23. Rbc1 Qxa8 24. Rc7 Bf7 25. Rxe7 Qd8 26. Rfe1 Nxg4 27.
Bb3 Rf8 28. Rxb7 Qc8 29. Rxf7+ Rxf7 30. Bxf7 Kxf7 31. Qxa7+ Kg8 32. h3 Nh6 33.
Qe3 Kg7 34. Rc1 Qd7 35. b6 Qb5 36. Rc7+ Nf7 37. Qb3 1-0

[Event "?"]
[Site "?"]
[Date "2004.03.27"]
[Round "7.30"]
[White "Papadopoulou, V."]
[Black "Jiretorn, E."]
[Result "1-0"]
[WhiteElo "2247"]
[BlackElo "2154"]
[PlyCount "77"]
[EventDate "2004.??.??"]

1. d4 d5 2. c4 dxc4 3. e3 Nf6 4. Nf3 e6 5. Bxc4 a6 6. O-O c5 7. dxc5 Qxd1 8.
Rxd1 Bxc5 9. b3 b5 10. Be2 Bb7 11. Bb2 Nbd7 12. a4 b4 13. Nbd2 O-O 14. Nc4 Bd5
15. Nfd2 Rfd8 16. Kf1 Nb6 17. Ne5 a5 18. Rac1 Rdc8 19. Bb5 Ne4 20. Nxe4 Bxe4
21. Ke2 Bd5 22. Rd3 Be4 23. Rd2 Bd5 24. Nc4 Nxc4 25. bxc4 Bc6 26. Rcd1 f6 27.
g4 Kf7 28. h4 Be7 29. f4 Ra7 30. Bd4 Raa8 31. g5 Be4 32. Bb2 Rd8 33. Rd7 Rxd7
34. Rxd7 Rd8 35. Ra7 Bd3+ 36. Ke1 b3 37. Ba3 Bc2 38. Rxe7+ Kg6 39. Rd7 1-0

[Event "?"]
[Site "?"]
[Date "2004.03.27"]
[Round "7.31"]
[White "Shmirina, E."]
[Black "Nill, J."]
[Result "1/2-1/2"]
[WhiteElo "2135"]
[BlackElo "2246"]
[PlyCount "67"]
[EventDate "2004.??.??"]

1. e4 c5 2. Nf3 e6 3. d4 cxd4 4. Nxd4 a6 5. Nc3 Qc7 6. Bd3 Nc6 7. Nxc6 bxc6 8.
O-O d5 9. Qe2 Nf6 10. Bg5 Be7 11. e5 Ng8 12. Bd2 c5 13. b3 Bb7 14. f4 g6 15.
Nd1 h5 16. c4 d4 17. Nf2 Nh6 18. Be4 Nf5 19. Bxb7 Qxb7 20. Qe4 Qxe4 21. Nxe4
O-O 22. Nf2 a5 23. Nd3 Rfb8 24. Rab1 Rb7 25. Rb2 Kf8 26. Kf2 Ke8 27. g3 Kd7 28.
Kf3 Kc6 29. Rfb1 Rbb8 30. a3 Ra7 31. Ke2 Rba8 32. Kf2 Rb8 33. Ke2 Rba8 34. Kf3
1/2-1/2

[Event "?"]
[Site "?"]
[Date "2004.03.27"]
[Round "7.32"]
[White "Dimovski, A."]
[Black "Richards, H."]
[Result "0-1"]
[WhiteElo "2111"]
[BlackElo "2236"]
[PlyCount "70"]
[EventDate "2004.??.??"]

1. e4 e6 2. d4 d5 3. Nc3 Bb4 4. e5 c5 5. a3 Bxc3+ 6. bxc3 Qa5 7. Bd2 Qa4 8. Qg4
g6 9. Qd1 b6 10. h4 Ba6 11. Bxa6 Nxa6 12. h5 cxd4 13. hxg6 fxg6 14. Qg4 Kd7 15.
Nf3 Ne7 16. Ng5 Nc5 17. cxd4 h5 18. Qf4 Rhf8 19. Nf7 Ne4 20. Bb4 Ke8 21. Nd6+
Nxd6 22. Qg5 Ndc8 23. O-O a5 24. Bd6 Qxd4 25. g3 Kd7 26. Rad1 Qc4 27. Rfe1 Rf5
28. Qe3 Nc6 29. Rb1 b5 30. a4 Nd4 31. Red1 Ne2+ 32. Kg2 b4 33. Rh1 Nc3 34. Rh4
Qc6 35. g4 d4+ 0-1

[Event "?"]
[Site "?"]
[Date "2004.03.27"]
[Round "7.33"]
[White "Levushkina, E."]
[Black "Vogel, H."]
[Result "1-0"]
[WhiteElo "2303"]
[BlackElo "2152"]
[PlyCount "160"]
[EventDate "2004.??.??"]

1. e4 c6 2. d4 d5 3. exd5 cxd5 4. c4 Nf6 5. Nc3 g6 6. Qb3 Bg7 7. cxd5 O-O 8.
Be2 Nbd7 9. Bf3 Nb6 10. Nge2 e6 11. dxe6 Bxe6 12. Qd1 Nfd5 13. O-O Rc8 14. Ne4
Qe7 15. Bg5 f6 16. Bd2 Nc4 17. Bc3 Rfd8 18. Re1 b5 19. b3 f5 20. bxc4 fxe4 21.
Bxe4 Nxc3 22. Nxc3 Rxd4 23. Qf3 Rf8 24. Qg3 Qf7 25. Rab1 bxc4 26. Bf3 Rd3 27.
Ne4 Qf4 28. Nc5 Qxg3 29. hxg3 Bf5 30. Nxd3 Bxd3 31. Rbd1 Bd4 32. Re7 Bc5 33.
Rd7 Re8 34. Bd5+ Kh8 35. Rc7 Bb6 36. Rc6 Re2 37. Bxc4 Bxc4 38. Rxc4 Rxf2 39.
Kh2 Rf7 40. Rc6 Kg7 41. Rcd6 Rf2 42. R6d2 Rf5 43. g4 Ra5 44. Re2 h5 45. gxh5
Rxh5+ 46. Kg3 Rf5 47. Kg4 Ra5 48. Kf3 Ra4 49. Rdd2 g5 50. Re6 Kf7 51. Rc6 Rf4+
52. Ke2 Ke7 53. Rg6 Rf5 54. Rc2 Ra5 55. Kd3 Kf7 56. Rgc6 Ra4 57. R6c4 Ra5 58.
Ke4 Ke7 59. Rc6 Kd7 60. Rh6 Rb5 61. Kf3 Ra5 62. Rg6 Bg1 63. Rb2 Kc7 64. Re2
Ra3+ 65. Ke4 Ra5 66. Rc2+ Kb7 67. Kf3 Ra3+ 68. Kg4 Be3 69. Re2 Kc7 70. Rxg5
Bxg5 71. Kxg5 Rg3+ 72. Kf4 Rg8 73. g4 Kd6 74. g5 Rf8+ 75. Kg4 Rg8 76. Kf5 Rf8+
77. Kg6 Rf1 78. Kg7 Rg1 79. g6 a5 80. Kf7 a4 1-0

[Event "?"]
[Site "?"]
[Date "2004.03.27"]
[Round "7.34"]
[White "Krivec, J."]
[Black "Lopatin, O."]
[Result "0-1"]
[WhiteElo "2301"]
[BlackElo "2116"]
[PlyCount "99"]
[EventDate "2004.??.??"]

1. e4 c5 2. Nf3 a6 3. c3 d5 4. exd5 Qxd5 5. d4 e6 6. Be2 Nf6 7. O-O Nbd7 8. Bf4
cxd4 9. cxd4 Qa5 10. Nbd2 Qf5 11. Bg3 Be7 12. Ne5 O-O 13. Bd3 Qh5 14. Be2 Qf5
15. Ndc4 Nd5 16. Bd3 Qf6 17. f4 g6 18. a4 Qg7 19. a5 f6 20. Nf3 b5 21. axb6
N7xb6 22. Nxb6 Nxb6 23. Qe2 a5 24. Be1 Nd5 25. Bxa5 Nxf4 26. Qe4 Nd5 27. Bc4 f5
28. Qe2 Rb8 29. Bxd5 exd5 30. Bc7 Rb7 31. Be5 Bf6 32. Ra5 Bxe5 33. Nxe5 Be6 34.
Qa6 Re8 35. Rb5 Rxb5 36. Qxb5 Qf8 37. Qa6 Bf7 38. Rc1 Qh6 39. Rc3 Qd2 40. Qd3
Qxb2 41. Rc7 Rxe5 42. Rc8+ Re8 43. Rxe8+ Bxe8 44. Qe3 Qb1+ 45. Kf2 Qe4 46. Qc3
f4 47. Qc5 Qe3+ 48. Kf1 Qb3 49. Kf2 Bd7 50. Qa7 0-1

[Event "?"]
[Site "?"]
[Date "2004.03.27"]
[Round "7.35"]
[White "Smokina, K."]
[Black "Muhren, B."]
[Result "1/2-1/2"]
[WhiteElo "2278"]
[BlackElo "2135"]
[PlyCount "57"]
[EventDate "2004.??.??"]

1. c4 e5 2. Nc3 Nf6 3. g3 d5 4. cxd5 Nxd5 5. Bg2 Nb6 6. Nf3 Nc6 7. d3 Be7 8.
Be3 O-O 9. O-O Be6 10. Qc1 f5 11. Ng5 Bxg5 12. Bxg5 Qd7 13. Be3 Rad8 14. b4 Nd5
15. Bc5 Rf7 16. a3 b6 17. Be3 Nd4 18. Bxd4 exd4 19. Nxd5 Bxd5 20. Bxd5 Qxd5 21.
Qc4 Qe5 22. Ra2 f4 23. Rc2 Rd6 24. Qa6 fxg3 25. hxg3 Rh6 26. Qc8+ Rf8 27. Qg4
Rg6 28. Qe4 Qf6 29. Qg2 1/2-1/2

[Event "?"]
[Site "?"]
[Date "2004.03.27"]
[Round "7.37"]
[White "Mammadova, N."]
[Black "Mamedjarova, T."]
[Result "1-0"]
[WhiteElo "2104"]
[BlackElo "2229"]
[PlyCount "69"]
[EventDate "2004.??.??"]

1. c4 Nf6 2. g3 c5 3. Bg2 g6 4. Nf3 Bg7 5. O-O O-O 6. Nc3 Nc6 7. a3 d5 8. cxd5
Nxd5 9. Nxd5 Qxd5 10. d3 Qd6 11. Rb1 Rb8 12. Be3 b6 13. Qd2 Rd8 14. b4 cxb4 15.
axb4 e5 16. Rfc1 Bb7 17. Ng5 Ne7 18. Qa2 Bd5 19. Qxa7 Nc6 20. Qa4 Bxg2 21. Kxg2
Ne7 22. b5 Qd5+ 23. Qe4 h6 24. Nf3 f5 25. Qxd5+ Nxd5 26. Rc6 g5 27. Rbc1 Kh7
28. Re6 Nxe3+ 29. fxe3 Rd5 30. Re7 Rc5 31. Ra1 Kg6 32. Raa7 Bf6 33. Re6 g4 34.
Nh4+ Kg5 35. Rf7 1-0

[Event "?"]
[Site "?"]
[Date "2004.03.27"]
[Round "7.39"]
[White "Winnicki, A."]
[Black "Hitzgerova, G."]
[Result "0-1"]
[WhiteElo "2013"]
[BlackElo "2190"]
[PlyCount "102"]
[EventDate "2004.??.??"]

1. e4 d6 2. d4 g6 3. Bd3 Bg7 4. c3 a6 5. f4 b6 6. Nf3 Bb7 7. O-O Nd7 8. e5 e6
9. Nbd2 Ne7 10. Qe1 d5 11. Kh1 h5 12. Qg3 Bh6 13. Ng5 Nf8 14. Ndf3 c5 15. Qh3
Qc7 16. Bd2 Nf5 17. Rac1 c4 18. Bc2 Bc6 19. Rce1 Qe7 20. Re2 Bg7 21. Be1 O-O-O
22. Bh4 Qc7 23. b3 cxb3 24. Bd3 Bb5 25. Bxb5 axb5 26. axb3 Kb7 27. Ra2 Ra8 28.
Rxa8 Kxa8 29. Ra1+ Kb7 30. Be1 Nh7 31. Nxh7 Rxh7 32. Nd2 Rh8 33. Qd3 Qd7 34.
Bf2 Bh6 35. Be3 Rd8 36. Nb1 Bf8 37. Bc1 Rc8 38. Qd2 Ra8 39. Rxa8 Kxa8 40. Qa2+
Kb7 41. Ba3 b4 42. Bb2 Qb5 43. c4 dxc4 44. bxc4 Qc6 45. Qb3 Qe4 46. Qf3 Qxf3
47. gxf3 Bh6 48. Nd2 Bxf4 49. Ne4 Kc6 50. h3 Be3 51. Kg2 Bxd4 0-1

[Event "?"]
[Site "?"]
[Date "2004.03.27"]
[Round "7.42"]
[White "Schulz, S."]
[Black "Chilingirova, P."]
[Result "0-1"]
[WhiteElo "2079"]
[BlackElo "2201"]
[PlyCount "128"]
[EventDate "2004.??.??"]

1. e4 c5 2. d3 Nc6 3. g3 g6 4. Bg2 Bg7 5. f4 d6 6. Nf3 e6 7. O-O Nge7 8. c3 f5
9. Be3 O-O 10. Na3 b6 11. Nc2 Ba6 12. Re1 Qd7 13. Bf2 h6 14. d4 cxd4 15. Nfxd4
Nxd4 16. Bxd4 Bb7 17. Bxg7 Kxg7 18. Nd4 e5 19. fxe5 fxe4 20. exd6 Qxd6 21. Bxe4
Bxe4 22. Rxe4 Rf6 23. Ne6+ Rxe6 24. Qxd6 Rxd6 25. Rxe7+ Kf6 26. Rae1 Rd2 27.
R1e2 Rxb2 28. R7e6+ Kf7 29. Re7+ Kf8 30. R2e6 Rd8 31. Re2 Rxe2 32. Rxe2 Rd1+
33. Kf2 Rc1 34. Ke3 Rxc3+ 35. Kd4 Ra3 36. Kc4 Ra5 37. Kb4 Kf7 38. a3 Kf6 39.
Re4 h5 40. a4 g5 41. Rd4 Kf5 42. h4 g4 43. Rf4+ Ke5 44. Kc3 Rc5+ 45. Kd2 a6 46.
Rb4 Rc6 47. Ke3 Rf6 48. Ke2 Kd5 49. Ke1 Kc5 50. Re4 Rf5 51. Re6 a5 52. Kd1 Kb4
53. Rxb6+ Kxa4 54. Kc2 Rc5+ 55. Kd3 Rb5 56. Rh6 Kb3 57. Rg6 a4 58. Rg5 Rb4 59.
Rxh5 a3 60. Ra5 a2 61. h5 Ra4 62. Rb5+ Ka3 63. h6 a1=Q 64. h7 Qd4+ 0-1

[Event "?"]
[Site "?"]
[Date "2004.03.27"]
[Round "7.43"]
[White "Von Herman, B."]
[Black "Mietzner, T."]
[Result "0-1"]
[WhiteElo "2066"]
[BlackElo "2201"]
[PlyCount "72"]
[EventDate "2004.??.??"]

1. e4 c5 2. c3 g6 3. d4 cxd4 4. cxd4 d5 5. exd5 Nf6 6. Nc3 Nxd5 7. Bc4 Nb6 8.
Bb3 Bg7 9. Nf3 O-O 10. O-O Nc6 11. Be3 Na5 12. Bc2 Nac4 13. Rb1 Nxe3 14. fxe3
Be6 15. Ng5 Bc4 16. Re1 e5 17. Nf3 exd4 18. exd4 Be6 19. Ne5 Nc4 20. Bb3 Nxe5
21. dxe5 Qb6+ 22. Kh1 Bxb3 23. axb3 Rad8 24. Qg4 Qxb3 25. Re3 Qe6 26. Qe4 Rd7
27. Nb5 Rfd8 28. Nd6 Qxe5 29. Qxe5 Bxe5 30. Nxb7 Rd1+ 31. Re1 Rxb1 32. Rxb1 Rb8
33. Na5 Rxb2 34. Rc1 Ra2 35. Nb3 a5 36. h3 a4 0-1

[Event "?"]
[Site "?"]
[Date "2004.03.27"]
[Round "7.44"]
[White "Melnikova, Y."]
[Black "Seps, M."]
[Result "1-0"]
[WhiteElo "2171"]
[BlackElo "2078"]
[PlyCount "75"]
[EventDate "2004.??.??"]

1. e4 c5 2. Nf3 d6 3. d4 cxd4 4. Nxd4 Nf6 5. Nc3 a6 6. Be3 e5 7. Nb3 Be6 8. f3
Nbd7 9. g4 Nb6 10. g5 Nh5 11. Qd2 Rc8 12. O-O-O Be7 13. Rg1 O-O 14. Nd5 Nxd5
15. exd5 Bf5 16. Bd3 Bxd3 17. Qxd3 Rc7 18. Nd2 b5 19. Kb1 a5 20. Rc1 b4 21. c4
bxc3 22. Rxc3 Qd7 23. h4 Rxc3 24. Qxc3 Rc8 25. Qd3 Qh3 26. Rg4 Ng3 27. a3 Bf8
28. Ka2 Rb8 29. Qa6 Qh2 30. Qxa5 Ne2 31. Qa7 Rc8 32. Ne4 Qh1 33. Nf6+ Kh8 34.
Qxf7 Nc3+ 35. bxc3 Be7 36. Qxe7 Qh2+ 37. Kb3 Rb8+ 38. Rb4 1-0

[Event "?"]
[Site "?"]
[Date "2004.03.27"]
[Round "7.45"]
[White "Meissner, C."]
[Black "Topel, Z."]
[Result "0-1"]
[WhiteElo "2146"]
[BlackElo "2056"]
[PlyCount "74"]
[EventDate "2004.??.??"]

1. d4 Nf6 2. Nf3 g6 3. g3 Bg7 4. Bg2 d6 5. O-O O-O 6. c4 Nc6 7. Nc3 a6 8. h3
Bd7 9. Be3 Rb8 10. Rc1 b5 11. Nd2 b4 12. Nce4 Nxe4 13. Nxe4 Qc8 14. Kh2 f5 15.
Ng5 h6 16. Bd5+ Kh8 17. Ne6 Bxe6 18. Bxc6 f4 19. gxf4 Bxh3 20. Rg1 Qf5 21. Bf3
e5 22. fxe5 g5 23. Rg3 g4 24. exd6 cxd6 25. Bg2 Bxg2 26. Kxg2 Qe4+ 27. Kg1 h5
28. Qd3 Qe6 29. d5 Qf7 30. Bd4 Kg8 31. f3 Qf4 32. Kg2 Qxc1 33. Be3 Qxb2 34.
fxg4 Qa1 35. gxh5 Kh8 36. Qg6 Qf6 37. Qb1 Qf5 0-1